[Event "Montreal Mercredi 02"]
[Site "Montreal CAN"]
[Date "2009.02.18"]
[Round "1"]
[White "Pregent, Daniel"]
[Black "Pomerantz, Daniel"]
[Result "0-1"]
[WhiteElo "1839"]
[BlackElo "1851"]
[PlyCount "146"]
[GameId "2160767910260659"]
[EventDate "2009.02.18"]
[EventType "tourn"]
[EventRounds "5"]
[EventCountry "CAN"]
[SourceTitle "EXT 2011"]
[Source "ChessBase"]
[SourceDate "2011.11.26"]
[SourceVersion "1"]
[SourceVersionDate "2011.11.26"]
[SourceQuality "1"]

1. d4 Nf6 2. Nf3 b6 3. c4 e6 4. Nc3 Bb4 5. Qc2 Bb7 6. a3 Bxc3+ 7. Qxc3 Ne4 8. Qc2 O-O 9. e3 c5 10. Be2 d5 11. O-O Nd7 12. Rd1 cxd4 13. cxd5 Bxd5 14. Rxd4 Rc8 15. Qd1 Qe7 16. Ba6 Rc7 17. Bd2 Nxd2 18. Nxd2 Nc5 19. Be2 f5 20. f3 Qg5 21. Nf1 Rcf7 22. Rxd5 exd5 23. Qxd5 Rd8 24. Qa2 Kf8 25. b4 Nd7 26. Rc1 Nf6 27. Qb3 Re7 28. Bc4 Rc7 29. Re1 Rdc8 30. Be6 Rc2 31. g3 R8c3 32. Qa4 Qh5 33. Qxa7 Rc7 34. Qa8+ Ke7 35. Bd5 Qh3 36. f4 Rc8 37. Bg2 Rxa8 38. Bxh3 g6 39. Bg2 Rxa3 40. e4 Nxe4 41. Bxe4 fxe4 42. Rxe4+ Kf6 43. Re1 Raa2 44. Ne3 Rd2 45. h4 b5 46. Rc1 Rab2 47. g4 Rxb4 48. f5 gxf5 49. Rf1 f4 50. g5+ Ke5 51. Ng4+ Kf5 52. Nh6+ Kg6 53. Ng4 Rdb2 54. Ne5+ Kh5 55. Nd3 Kxh4 56. Nxb2 Rxb2 57. Rxf4+ Kxg5 58. Rd4 h5 59. Rd5+ Kg4 60. Rd4+ Kg3 61. Rd3+ Kf4 62. Rd4+ Ke3 63. Rh4 b4 64. Rh3+ Kd2 65. Rxh5 Kc1 66. Rc5+ Kb1 67. Kf1 b3 68. Ke1 Rc2 69. Rb5 b2 70. Kd1 Rc4 71. Kd2 Rc2+ 72. Kd1 Rc8 73. Kd2 Ra8 0-1

[Event "Montreal Mercredi 02"]
[Site "Montreal CAN"]
[Date "2009.02.18"]
[Round "1"]
[White "Tremblay, Sigfrid"]
[Black "Morin, Louis"]
[Result "0-1"]
[WhiteElo "1858"]
[BlackElo "1926"]
[PlyCount "136"]
[GameId "2160767910260660"]
[EventDate "2009.02.18"]
[EventType "tourn"]
[EventRounds "5"]
[EventCountry "CAN"]
[SourceTitle "EXT 2011"]
[Source "ChessBase"]
[SourceDate "2011.11.26"]
[SourceVersion "1"]
[SourceVersionDate "2011.11.26"]
[SourceQuality "1"]

1. e4 e5 2. Bb5 c6 3. Ba4 Nf6 4. Qe2 Be7 5. f4 d6 6. Nf3 Nbd7 7. Nc3 O-O 8. O-O Qc7 9. d3 Nc5 10. Bb3 a5 11. d4 exd4 12. Nxd4 b5 13. e5 a4 14. exf6 Bxf6 15. Ndxb5 cxb5 16. Nxb5 Qc6 17. Bc4 d5 18. Bxd5 Qxd5 19. Nc7 Ba6 20. Nxd5 Bxe2 21. Nxf6+ gxf6 22. Re1 Rfe8 23. Bd2 Bb5 24. h3 Ne4 25. Bb4 Bd7 26. Rad1 Bc6 27. Re3 f5 28. c4 Kg7 29. g4 Kg6 30. Be1 h5 31. g5 Re6 32. b4 axb3 33. axb3 Ra2 34. b4 Rc2 35. b5 Rxc4 36. bxc6 Rcxc6 37. Re2 Rc4 38. Kg2 Nxg5 39. Rxe6+ Nxe6 40. Bg3 Nxf4+ 41. Bxf4 Rxf4 42. Kg3 Kg5 43. Rd6 h4+ 44. Kg2 Ra4 45. Rd7 f6 46. Rh7 f4 47. Rg7+ Kf5 48. Rh7 Ra2+ 49. Kf3 Ra3+ 50. Kg2 Rg3+ 51. Kh2 Kg5 52. Rh8 f3 53. Rb8 f2 54. Rb1 Rg1 55. Rxg1+ fxg1=Q+ 56. Kxg1 Kf4 57. Kg2 Ke3 58. Kf1 Kf3 59. Ke1 Kg3 60. Ke2 f5 61. Kf1 Kxh3 62. Kf2 Kg4 63. Kg2 f4 64. Kh2 Kf3 65. Kg1 Ke2 66. Kg2 f3+ 67. Kh1 f2 68. Kh2 Kf3 0-1

[Event "Montreal Mercredi 02"]
[Site "Montreal CAN"]
[Date "2009.02.18"]
[Round "1"]
[White "Turcotte, Jonathan"]
[Black "Savard, Alain"]
[Result "1-0"]
[WhiteElo "1833"]
[BlackElo "1759"]
[PlyCount "75"]
[GameId "2160767910260661"]
[EventDate "2009.02.18"]
[EventType "tourn"]
[EventRounds "5"]
[EventCountry "CAN"]
[SourceTitle "EXT 2011"]
[Source "ChessBase"]
[SourceDate "2011.11.26"]
[SourceVersion "1"]
[SourceVersionDate "2011.11.26"]
[SourceQuality "1"]

1. d4 Nf6 2. c4 c5 3. d5 e6 4. Nc3 exd5 5. cxd5 g6 6. e4 d6 7. h3 Bg7 8. Nf3 O-O 9. Bd3 Re8 10. O-O Na6 11. Re1 Nc7 12. a4 b6 13. Nd2 a6 14. Nc4 Rb8 15. Bf4 Bf8 16. Bf1 b5 17. axb5 Nxb5 18. Nxb5 axb5 19. Nxd6 Bxd6 20. e5 Nh5 21. Bh2 Bf8 22. g4 Ng7 23. Bg2 Qb6 24. e6 Bd6 25. exf7+ Kxf7 26. Qf3+ Kg8 27. Bg3 Rf8 28. Qe3 Bxg3 29. Qxg3 Ne8 30. Re7 Nd6 31. Raa7 Rb7 32. Qe5 Rf7 33. Raxb7 Bxb7 34. Re6 Rd7 35. Re8+ Nxe8 36. Qxe8+ Kg7 37. Qxd7+ Kg8 38. d6 1-0

[Event "Montreal Mercredi 02"]
[Site "Montreal CAN"]
[Date "2009.02.25"]
[Round "2"]
[White "Crezegut, Anthony"]
[Black "Luo, Zhao Yang"]
[Result "1-0"]
[WhiteElo "1713"]
[BlackElo "1650"]
[PlyCount "91"]
[GameId "2160767910260663"]
[EventDate "2009.02.18"]
[EventType "tourn"]
[EventRounds "5"]
[EventCountry "CAN"]
[SourceTitle "EXT 2011"]
[Source "ChessBase"]
[SourceDate "2011.11.26"]
[SourceVersion "1"]
[SourceVersionDate "2011.11.26"]
[SourceQuality "1"]

1. d4 Nf6 2. Nf3 g6 3. c4 Bg7 4. Nc3 O-O 5. e4 d6 6. h3 e5 7. d5 Nbd7 8. Be3 b6 9. g4 Nc5 10. Nd2 a5 11. Qc2 Bd7 12. O-O-O Qe7 13. Be2 Rfb8 14. Rdg1 c6 15. g5 Ne8 16. Bg4 f5 17. exf5 gxf5 18. Bxf5 e4 19. Bxd7 Nd3+ 20. Kb1 Qxd7 21. Ndxe4 cxd5 22. Nf6+ Nxf6 23. gxf6 Nb4 24. Rxg7+ Qxg7 25. fxg7 Nxc2 26. Kxc2 dxc4 27. Bd4 Re8 28. a4 Rad8 29. Kd2 Re6 30. Nd5 Kf7 31. Re1 Rde8 32. Rxe6 Rxe6 33. f4 Rg6 34. Kc3 Rg3+ 35. Kxc4 Rxh3 36. Ne7 Rg3 37. g8=Q+ Rxg8 38. Nxg8 Kxg8 39. Bxb6 h5 40. Bf2 Kg7 41. Kd5 Kf6 42. Kxd6 Kf5 43. Kc5 Kxf4 44. b4 Kf3 45. Be1 axb4 46. Kxb4 1-0

[Event "Montreal Mercredi 02"]
[Site "Montreal CAN"]
[Date "2009.02.25"]
[Round "2"]
[White "Gauthier, Luc"]
[Black "Baran, Marius"]
[Result "1-0"]
[WhiteElo "1621"]
[BlackElo "1654"]
[PlyCount "61"]
[GameId "2160767910268856"]
[EventDate "2009.02.18"]
[EventType "tourn"]
[EventRounds "5"]
[EventCountry "CAN"]
[SourceTitle "EXT 2011"]
[Source "ChessBase"]
[SourceDate "2011.11.26"]
[SourceVersion "1"]
[SourceVersionDate "2011.11.26"]
[SourceQuality "1"]

1. e4 c5 2. Nc3 e6 3. f4 d5 4. Nf3 d4 5. Ne2 Nf6 6. Ng3 Nc6 7. Bb5 Bd7 8. Bxc6 Bxc6 9. d3 Be7 10. O-O O-O 11. f5 Qc7 12. fxe6 fxe6 13. Ng5 Bd7 14. Qe2 e5 15. Nf5 Rae8 16. Bd2 h6 17. Nxe7+ Rxe7 18. Nf3 Bg4 19. Qe1 Nh5 20. Qh4 Qd7 21. h3 g5 22. Qxg4 Qe8 23. Nh2 Nf6 24. Qe2 Qg6 25. Rf5 Nh5 26. Rxf8+ Kxf8 27. Rf1+ Ke8 28. Qg4 Kd8 29. Rf8+ Kc7 30. Qc8+ Kb6 31. Qd8+ 1-0

[Event "Montreal Mercredi 02"]
[Site "Montreal CAN"]
[Date "2009.02.25"]
[Round "2"]
[White "Lamouche, Andre"]
[Black "Abra, Mohammed"]
[Result "1-0"]
[WhiteElo "1707"]
[BlackElo "1620"]
[PlyCount "59"]
[GameId "2160767910268857"]
[EventDate "2009.02.18"]
[EventType "tourn"]
[EventRounds "5"]
[EventCountry "CAN"]
[SourceTitle "EXT 2011"]
[Source "ChessBase"]
[SourceDate "2011.11.26"]
[SourceVersion "1"]
[SourceVersionDate "2011.11.26"]
[SourceQuality "1"]

1. e4 e5 2. Nf3 Nc6 3. Bb5 d6 4. d4 exd4 5. Nxd4 Bd7 6. Nc3 Nf6 7. O-O a6 8. Ba4 b5 9. Nxc6 Bxc6 10. Bb3 Be7 11. Re1 O-O 12. Bg5 h6 13. Bh4 Bd7 14. f4 Be6 15. e5 dxe5 16. fxe5 Nd7 17. Bg3 Bc5+ 18. Kh1 Ba7 19. Bxe6 fxe6 20. Qg4 Qe7 21. Rad1 Rad8 22. Bh4 g5 23. Bg3 Qf7 24. h4 Qf5 25. Qxf5 exf5 26. e6 f4 27. Bh2 f3 28. gxf3 Rxf3 29. exd7 Rff8 30. Bxc7 1-0

[Event "Montreal Mercredi 02"]
[Site "Montreal CAN"]
[Date "2009.02.25"]
[Round "2"]
[White "Leutschaft, Martin"]
[Black "Levkovsky, Alexandre"]
[Result "1-0"]
[WhiteElo "2158"]
[BlackElo "2068"]
[PlyCount "39"]
[GameId "2160767910268858"]
[EventDate "2009.02.18"]
[EventType "tourn"]
[EventRounds "5"]
[EventCountry "CAN"]
[SourceTitle "EXT 2011"]
[Source "ChessBase"]
[SourceDate "2011.11.26"]
[SourceVersion "1"]
[SourceVersionDate "2011.11.26"]
[SourceQuality "1"]

1. e4 e5 2. Nf3 Nc6 3. Bb5 a6 4. Ba4 Nf6 5. Nc3 Bb4 6. O-O b5 7. Bb3 O-O 8. Nd5 Bc5 9. d3 h6 10. Be3 Bxe3 11. fxe3 Nh7 12. Qe1 d6 13. Nh4 Ng5 14. Nf5 Bxf5 15. exf5 Nh7 16. f6 a5 17. Qe2 g5 18. Qh5 Kh8 19. Qxh6 Rg8 20. Ne7 1-0

[Event "Montreal Mercredi 02"]
[Site "Montreal CAN"]
[Date "2009.02.25"]
[Round "2"]
[White "Morin, Louis"]
[Black "Forget, Luc"]
[Result "1/2-1/2"]
[WhiteElo "1926"]
[BlackElo "2082"]
[PlyCount "74"]
[GameId "2160767910268859"]
[EventDate "2009.02.18"]
[EventType "tourn"]
[EventRounds "5"]
[EventCountry "CAN"]
[SourceTitle "EXT 2011"]
[Source "ChessBase"]
[SourceDate "2011.11.26"]
[SourceVersion "1"]
[SourceVersionDate "2011.11.26"]
[SourceQuality "1"]

1. e4 e5 2. Nf3 Nc6 3. Bb5 a6 4. Bxc6 dxc6 5. O-O Bd6 6. d4 Bg4 7. dxe5 Bxf3 8. gxf3 Bxe5 9. Qxd8+ Rxd8 10. f4 Bd4 11. c3 Bc5 12. Be3 Bxe3 13. fxe3 Nf6 14. e5 Ne4 15. Na3 Ke7 16. Rfd1 c5 17. Kf1 b5 18. Ke2 Ke6 19. Rxd8 Rxd8 20. Rd1 Rxd1 21. Kxd1 c4 22. Nb1 g5 23. Nd2 Nf2+ 24. Ke2 Nd3 25. b3 Nc1+ 26. Kf3 Nxa2 27. bxc4 Nxc3 28. cxb5 axb5 29. Kg4 Nd5 30. Kxg5 Nxe3 31. Nb3 b4 32. Kh6 Ng4+ 33. Kxh7 Nxe5 34. fxe5 Kxe5 35. Kg7 Kf4 36. Kxf7 Kg4 37. Ke6 Kh3 1/2-1/2

[Event "Montreal Mercredi 02"]
[Site "Montreal CAN"]
[Date "2009.02.25"]
[Round "2"]
[White "Plante, Michel"]
[Black "Tremblay, Sigfrid"]
[Result "0-1"]
[WhiteElo "2094"]
[BlackElo "1858"]
[PlyCount "122"]
[GameId "2160767910268860"]
[EventDate "2009.02.18"]
[EventType "tourn"]
[EventRounds "5"]
[EventCountry "CAN"]
[SourceTitle "EXT 2011"]
[Source "ChessBase"]
[SourceDate "2011.11.26"]
[SourceVersion "1"]
[SourceVersionDate "2011.11.26"]
[SourceQuality "1"]

1. d4 e6 2. Nf3 f5 3. d5 d6 4. dxe6 Bxe6 5. Ng5 Qd7 6. g3 Nf6 7. Bg2 c6 8. Nxe6 Qxe6 9. Nd2 Nbd7 10. b4 d5 11. O-O Bxb4 12. Rb1 Bc5 13. Nb3 b5 14. a4 a6 15. Ra1 Kf7 16. Bb2 Rhe8 17. e3 Kg8 18. Ra2 Bb6 19. Nd4 Bxd4 20. Bxd4 c5 21. Bb2 Rab8 22. Qa1 b4 23. Rd1 a5 24. Bc1 Ne4 25. Bd2 Ne5 26. Be1 Red8 27. f3 Nf6 28. Bf2 c4 29. Re1 Qd6 30. Qd1 b3 31. cxb3 cxb3 32. Rb2 Qa3 33. Qa1 Qb4 34. Reb1 Qc3 35. Qa3 Nc4 36. Qc5 Rdc8 37. Rxb3 Rxc5 38. Rxb8+ Kf7 39. e4 Rc7 40. exd5 Nxd5 41. Be1 Qe3+ 42. Bf2 Qd3 43. Bf1 Qxf3 44. Bg2 Qd3 45. Bf1 Qc2 46. Re1 Re7 47. Reb1 Nce3 48. R8b2 Qxa4 49. Bb5 Qe4 50. Be1 Rb7 51. Bd3 Qxd3 52. Rxb7+ Kg6 53. Bxa5 Qe4 54. R7b2 Nf6 55. h3 Qf3 56. Kh2 Nc4 57. Ra2 Nxa5 58. Rxa5 Nd7 59. Ra6+ Kh5 60. Rba1 Qc3 61. Kg2 g5 0-1

[Event "Montreal Mercredi 02"]
[Site "Montreal CAN"]
[Date "2009.02.25"]
[Round "2"]
[White "Pomerantz, Daniel"]
[Black "Savard, Alain"]
[Result "1/2-1/2"]
[WhiteElo "1851"]
[BlackElo "1759"]
[PlyCount "101"]
[GameId "2160767910268861"]
[EventDate "2009.02.18"]
[EventType "tourn"]
[EventRounds "5"]
[EventCountry "CAN"]
[SourceTitle "EXT 2011"]
[Source "ChessBase"]
[SourceDate "2011.11.26"]
[SourceVersion "1"]
[SourceVersionDate "2011.11.26"]
[SourceQuality "1"]

1. e4 e6 2. d4 d5 3. Nd2 Nf6 4. e5 Nfd7 5. Bd3 c5 6. c3 Nc6 7. Ne2 cxd4 8. cxd4 Qb6 9. Nf3 Be7 10. O-O f6 11. exf6 Nxf6 12. b3 O-O 13. Bf4 Bd7 14. Re1 Bb4 15. Bd2 Rae8 16. Bxb4 Qxb4 17. Rc1 e5 18. dxe5 Nxe5 19. Nxe5 Rxe5 20. Nc3 Rxe1+ 21. Qxe1 Ng4 22. Rc2 Nxf2 23. Rxf2 Rxf2 24. Kxf2 Qf4+ 25. Kg1 Qd4+ 26. Kh1 Qxd3 27. h3 h6 28. Qe5 Bc6 29. Ne2 d4 30. Qe6+ Kh7 31. Kh2 Be4 32. Ng3 Bg6 33. h4 Qe3 34. Qd5 Qf4 35. h5 Qh4+ 36. Kg1 Bc2 37. Qf3 Qf6 38. Qxf6 gxf6 39. Kf2 f5 40. Ne2 d3 41. Nc3 Kg7 42. Ke3 Kf6 43. Nd5+ Ke5 44. Ne7 Bd1 45. Kxd3 Bxh5 46. Ke3 a6 47. Ng8 Bg6 48. Nxh6 Kf6 49. Kf4 Bh7 50. g4 fxg4 51. Nxg4+ 1/2-1/2

[Event "Montreal Mercredi 02"]
[Site "Montreal CAN"]
[Date "2009.02.25"]
[Round "2"]
[White "Pregent, Daniel"]
[Black "Cote, Philippe"]
[Result "1-0"]
[WhiteElo "1839"]
[BlackElo "1730"]
[PlyCount "71"]
[GameId "2160767910268862"]
[EventDate "2009.02.18"]
[EventType "tourn"]
[EventRounds "5"]
[EventCountry "CAN"]
[SourceTitle "EXT 2011"]
[Source "ChessBase"]
[SourceDate "2011.11.26"]
[SourceVersion "1"]
[SourceVersionDate "2011.11.26"]
[SourceQuality "1"]

1. d4 g6 2. Nf3 Bg7 3. c4 Nf6 4. Nc3 d6 5. h3 O-O 6. e4 e5 7. d5 Na6 8. Bg5 h6 9. Be3 Nd7 10. g4 Ndc5 11. Be2 c6 12. a3 cxd5 13. cxd5 f5 14. b4 fxe4 15. Nd2 Nd3+ 16. Bxd3 exd3 17. Nde4 Nc7 18. Qxd3 a5 19. b5 Bd7 20. a4 Ne8 21. Rc1 Rc8 22. Qd2 Kh7 23. Ne2 Rxc1+ 24. Qxc1 Nf6 25. Nxf6+ Qxf6 26. Qc7 Rf7 27. Qc4 Qf3 28. Ng3 Rf4 29. Bxf4 exf4 30. Qe2 Qc3+ 31. Qd2 fxg3 32. Qxc3 Bxc3+ 33. Ke2 gxf2 34. Rc1 Bg7 35. Rc7 Be8 36. Re7 1-0

[Event "Montreal Mercredi 02"]
[Site "Montreal CAN"]
[Date "2009.03.04"]
[Round "3"]
[White "Abra, Mohammed"]
[Black "Crezegut, Anthony"]
[Result "1-0"]
[WhiteElo "1620"]
[BlackElo "1713"]
[PlyCount "66"]
[GameId "2160767910268863"]
[EventDate "2009.02.18"]
[EventType "tourn"]
[EventRounds "5"]
[EventCountry "CAN"]
[SourceTitle "EXT 2011"]
[Source "ChessBase"]
[SourceDate "2011.11.26"]
[SourceVersion "1"]
[SourceVersionDate "2011.11.26"]
[SourceQuality "1"]

1. d4 d5 2. c4 e6 3. Nc3 c6 4. e3 Nf6 5. Bd3 Nbd7 6. Nf3 dxc4 7. Bxc4 b5 8. Bd3 a6 9. Qc2 c5 10. dxc5 Nxc5 11. Be2 Bb7 12. O-O Qb6 13. b4 Nce4 14. Nxe4 Bxe4 15. Qb3 Rc8 16. a3 Be7 17. Bb2 O-O 18. Rac1 Bd5 19. Qd1 Qb7 20. Qd4 Rxc1 21. Rxc1 Rd8 22. Qe5 Bd6 23. Qd4 Qb8 24. Qc3 Bb7 25. Qb3 Bd5 26. Qc2 Be4 27. Qb3 Bd5 28. Qc2 Be4 29. Bxf6 Bxc2 30. Bxd8 Qxd8 31. Rxc2 Qd7 32. Nd4 e5 33. Nc6 e4 1-0

[Event "Montreal Mercredi 02"]
[Site "Montreal CAN"]
[Date "2009.03.04"]
[Round "3"]
[White "Baran, Marius"]
[Black "Lamouche, Andre"]
[Result "1-0"]
[WhiteElo "1654"]
[BlackElo "1707"]
[PlyCount "96"]
[GameId "2160767910268864"]
[EventDate "2009.02.18"]
[EventType "tourn"]
[EventRounds "5"]
[EventCountry "CAN"]
[SourceTitle "EXT 2011"]
[Source "ChessBase"]
[SourceDate "2011.11.26"]
[SourceVersion "1"]
[SourceVersionDate "2011.11.26"]
[SourceQuality "1"]

1. d4 Nf6 2. c4 c5 3. Nf3 cxd4 4. Nxd4 Nc6 5. Nc3 g6 6. e4 d6 7. Be2 Bg7 8. Be3 O-O 9. O-O Bd7 10. Qd2 Rc8 11. b3 a6 12. Rae1 Ng4 13. Nxc6 bxc6 14. Bxg4 Bxg4 15. h3 Be6 16. Bd4 f6 17. Ne2 Bd7 18. f4 e5 19. Be3 Be6 20. f5 gxf5 21. exf5 Bf7 22. Rd1 d5 23. Qc1 Qa5 24. Bh6 dxc4 25. Bxg7 Qc5+ 26. Kh1 Kxg7 27. Rd7 Rfd8 28. Rfd1 Rxd7 29. Rxd7 Qf2 30. Qxc4 Rf8 31. Nc3 Qxf5 32. Qxc6 Kg8 33. Rd6 Qf1+ 34. Kh2 Qf4+ 35. Kg1 Bg6 36. Nd5 Qd4+ 37. Kh2 Qf2 38. Rxf6 Rxf6 39. Qxf6 Qxf6 40. Nxf6+ Kf7 41. Nd7 Ke6 42. Nc5+ Kd5 43. Nxa6 e4 44. Kg3 Kd4 45. Kf2 e3+ 46. Ke1 Kc3 47. b4 Bf7 48. Nc5 Bc4 1-0

[Event "Montreal Mercredi 02"]
[Site "Montreal CAN"]
[Date "2009.03.04"]
[Round "3"]
[White "Cote, Philippe"]
[Black "Pomerantz, Daniel"]
[Result "1-0"]
[WhiteElo "1730"]
[BlackElo "1851"]
[PlyCount "73"]
[GameId "2160767910268865"]
[EventDate "2009.02.18"]
[EventType "tourn"]
[EventRounds "5"]
[EventCountry "CAN"]
[SourceTitle "EXT 2011"]
[Source "ChessBase"]
[SourceDate "2011.11.26"]
[SourceVersion "1"]
[SourceVersionDate "2011.11.26"]
[SourceQuality "1"]

1. e4 c5 2. Nf3 Nc6 3. d4 cxd4 4. Nxd4 Nf6 5. Nc3 e5 6. Ndb5 d6 7. Bc4 a6 8. Na3 b5 9. Bd5 Nxd5 10. Nxd5 Be7 11. c3 O-O 12. Be3 Be6 13. Nc2 Rb8 14. O-O Kh8 15. Qd2 f5 16. f3 Bf6 17. Nxf6 Rxf6 18. Kh1 f4 19. Bg1 Rg6 20. Rfd1 Qg5 21. Ne1 Rd8 22. a4 d5 23. axb5 dxe4 24. Qe2 axb5 25. Rxd8+ Nxd8 26. Ra8 Bd5 27. Rb8 exf3 28. Nxf3 Qe7 29. Qxb5 Bxf3 30. gxf3 h5 31. Bb6 Rd6 32. Qe2 Rd7 33. b4 Kh7 34. Bc5 Qg5 35. Ra8 Ne6 36. Qc2+ Kh6 37. Rh8# 1-0

[Event "Montreal Mercredi 02"]
[Site "Montreal CAN"]
[Date "2009.03.04"]
[Round "3"]
[White "Forget, Luc"]
[Black "Plante, Michel"]
[Result "0-1"]
[WhiteElo "2082"]
[BlackElo "2094"]
[PlyCount "126"]
[GameId "2160767910268866"]
[EventDate "2009.02.18"]
[EventType "tourn"]
[EventRounds "5"]
[EventCountry "CAN"]
[SourceTitle "EXT 2011"]
[Source "ChessBase"]
[SourceDate "2011.11.26"]
[SourceVersion "1"]
[SourceVersionDate "2011.11.26"]
[SourceQuality "1"]

1. d4 g6 2. c4 d6 3. Nc3 Bg7 4. Nf3 Bg4 5. e3 Nc6 6. Be2 e5 7. d5 Nce7 8. e4 Nf6 9. O-O O-O 10. Ne1 Bxe2 11. Qxe2 Nd7 12. Be3 f5 13. f3 f4 14. Bf2 g5 15. Nd3 Ng6 16. c5 Rf6 17. Rac1 Bf8 18. b4 Be7 19. Rc2 a6 20. Rfc1 Ngf8 21. cxd6 Bxd6 22. Nc5 Qc8 23. N3a4 b6 24. Ne6 Nxe6 25. dxe6 Rxe6 26. Qc4 Qe8 27. Qb3 Kh8 28. a3 Rg6 29. h3 Qg8 30. Qd3 h5 31. Kf1 Qe6 32. Nc3 Nf6 33. Nd5 Nxd5 34. Qxd5 Qxd5 35. exd5 Re8 36. Re2 g4 37. hxg4 hxg4 38. Re4 g3 39. Bd4 Kg8 40. Ke2 Rh6 41. Kd3 Kf7 42. Rce1 Rh5 43. Bg1 Re7 44. Rc4 Ke8 45. Ke4 Kd7 46. Rec1 Re8 47. Rc6 Rb8 48. a4 Rb7 49. Rb1 Rh7 50. Rcc1 Rb8 51. Rb2 Rb7 52. Rbc2 Bxb4 53. Kxe5 Bd6+ 54. Kf5 Rb8 55. Bd4 Rh5+ 56. Kg6 Rxd5 57. Bg7 Re8 58. Rh1 c5 59. Rb2 Re6+ 60. Kh7 Kc6 61. Rh6 Rxh6+ 62. Kxh6 b5 63. axb5+ axb5 0-1

[Event "Montreal Mercredi 02"]
[Site "Montreal CAN"]
[Date "2009.03.04"]
[Round "3"]
[White "Levkovsky, Alexandre"]
[Black "Morin, Louis"]
[Result "1-0"]
[WhiteElo "2068"]
[BlackElo "1926"]
[PlyCount "51"]
[GameId "2160767910268867"]
[EventDate "2009.02.18"]
[EventType "tourn"]
[EventRounds "5"]
[EventCountry "CAN"]
[SourceTitle "EXT 2011"]
[Source "ChessBase"]
[SourceDate "2011.11.26"]
[SourceVersion "1"]
[SourceVersionDate "2011.11.26"]
[SourceQuality "1"]

1. e4 e5 2. Nf3 d6 3. d4 Nf6 4. Nc3 Nbd7 5. Be2 Be7 6. O-O c6 7. h3 h6 8. Be3 Qc7 9. a4 g5 10. Nh2 Nf8 11. Ng4 Ng6 12. Nxf6+ Bxf6 13. d5 Nf4 14. Bg4 h5 15. Bxc8 Rxc8 16. Ra3 Ke7 17. Re1 Rcg8 18. dxc6 bxc6 19. b4 g4 20. h4 Bxh4 21. b5 g3 22. f3 Bf6 23. bxc6 Qxc6 24. Nb5 Ne6 25. Rc3 Nc5 26. Nxd6 1-0

[Event "Montreal Mercredi 02"]
[Site "Montreal CAN"]
[Date "2009.03.04"]
[Round "3"]
[White "Luo, Zhao Yang"]
[Black "Gauthier, Luc"]
[Result "0-1"]
[WhiteElo "1650"]
[BlackElo "1621"]
[PlyCount "66"]
[GameId "2160767910268868"]
[EventDate "2009.02.18"]
[EventType "tourn"]
[EventRounds "5"]
[EventCountry "CAN"]
[SourceTitle "EXT 2011"]
[Source "ChessBase"]
[SourceDate "2011.11.26"]
[SourceVersion "1"]
[SourceVersionDate "2011.11.26"]
[SourceQuality "1"]

1. d4 d5 2. c4 e5 3. dxe5 d4 4. Nf3 Nc6 5. a3 Nge7 6. e3 Bg4 7. Be2 dxe3 8. Bxe3 Qxd1+ 9. Bxd1 Ng6 10. Nbd2 Bxf3 11. Nxf3 Ngxe5 12. Nxe5 Nxe5 13. Be2 O-O-O 14. O-O a6 15. Bf4 Nd3 16. Rad1 Nxf4 17. Bg4+ Ne6 18. Rd5 Be7 19. Rfd1 c6 20. Rxd8+ Rxd8 21. Rxd8+ Kxd8 22. Kf1 Bf6 23. b4 Nd4 24. Bd1 Bg5 25. Ke1 Bc1 26. a4 Ba3 27. Kd2 Bxb4+ 28. Kd3 c5 29. Ke4 b5 30. cxb5 axb5 31. axb5 Nxb5 32. Bb3 Ke7 33. Bc4 Nd6+ 0-1

[Event "Montreal Mercredi 02"]
[Site "Montreal CAN"]
[Date "2009.03.04"]
[Round "3"]
[White "Savard, Alain"]
[Black "Mathews, Theo"]
[Result "1/2-1/2"]
[WhiteElo "1759"]
[BlackElo "1735"]
[PlyCount "77"]
[GameId "2160767910268869"]
[EventDate "2009.02.18"]
[EventType "tourn"]
[EventRounds "5"]
[EventCountry "CAN"]
[SourceTitle "EXT 2011"]
[Source "ChessBase"]
[SourceDate "2011.11.26"]
[SourceVersion "1"]
[SourceVersionDate "2011.11.26"]
[SourceQuality "1"]

1. f4 d5 2. Nf3 f5 3. b3 Nf6 4. Bb2 e6 5. e3 Bd6 6. c4 c6 7. d4 O-O 8. Nbd2 Bd7 9. c5 Be7 10. Ne5 Be8 11. Be2 Nbd7 12. Rc1 Nxe5 13. dxe5 Ne4 14. O-O Qc7 15. Nxe4 fxe4 16. Qe1 Bg6 17. g4 h6 18. Rc2 b6 19. Bd4 b5 20. Bd1 Bd8 21. Rcf2 Qf7 22. Rg2 Qe7 23. a3 a5 24. Rgf2 Qh4 25. Kh1 Ra7 26. f5 exf5 27. Qd2 f4 28. exf4 Qh3 29. Qe3 Qxe3 30. Bxe3 Bh4 31. Rd2 Re7 32. Kg2 Ra7 33. Kh3 Bd8 34. Rff2 Rd7 35. Bd4 Rb7 36. Kg3 Bf7 37. Be2 Be7 38. h4 Rd8 39. f5 1/2-1/2

[Event "Montreal Mercredi 02"]
[Site "Montreal CAN"]
[Date "2009.03.11"]
[Round "4"]
[White "Abra, Mohammed"]
[Black "Baran, Marius"]
[Result "0-1"]
[WhiteElo "1620"]
[BlackElo "1654"]
[PlyCount "64"]
[GameId "2160767910268871"]
[EventDate "2009.02.18"]
[EventType "tourn"]
[EventRounds "5"]
[EventCountry "CAN"]
[SourceTitle "EXT 2011"]
[Source "ChessBase"]
[SourceDate "2011.11.26"]
[SourceVersion "1"]
[SourceVersionDate "2011.11.26"]
[SourceQuality "1"]

1. d4 d5 2. Nf3 e6 3. e3 Nf6 4. c4 Be7 5. Nc3 O-O 6. c5 b6 7. b4 a5 8. cxb6 Bxb4 9. Bb2 cxb6 10. Bd3 Ba6 11. O-O Bxc3 12. Bxc3 b5 13. a3 Nc6 14. Rb1 Qb6 15. Qd2 Rfb8 16. Rfc1 b4 17. axb4 Bxd3 18. Qxd3 Nxb4 19. Qf1 Ne4 20. Ne5 Qd6 21. f3 Nxc3 22. Rxc3 f6 23. Nd3 Nxd3 24. Qxd3 Rxb1+ 25. Qxb1 Rb8 26. Qc1 Qb4 27. Rc8+ Rxc8 28. Qxc8+ Kf7 29. Qc7+ Kg6 30. Qg3+ Kh6 31. Qf4+ Kg6 32. Qg4+ Kf7 0-1

[Event "Montreal Mercredi 02"]
[Site "Montreal CAN"]
[Date "2009.03.11"]
[Round "4"]
[White "Bergeron, Rene"]
[Black "Phelippe, Yannic"]
[Result "1/2-1/2"]
[WhiteElo "1593"]
[BlackElo "1517"]
[PlyCount "86"]
[GameId "2160767910268872"]
[EventDate "2009.02.18"]
[EventType "tourn"]
[EventRounds "5"]
[EventCountry "CAN"]
[SourceTitle "EXT 2011"]
[Source "ChessBase"]
[SourceDate "2011.11.26"]
[SourceVersion "1"]
[SourceVersionDate "2011.11.26"]
[SourceQuality "1"]

1. e4 c5 2. Nf3 d6 3. c3 Nf6 4. e5 dxe5 5. Nxe5 g6 6. Bb5+ Nbd7 7. d4 cxd4 8. Qxd4 a6 9. Bc4 Nxe5 10. Qxe5 Bg7 11. O-O O-O 12. Be3 Ng4 13. Qe4 Nxe3 14. Qxe3 b5 15. Qf3 Ra7 16. Rd1 Rd7 17. Rxd7 Qxd7 18. Bf1 Bb7 19. Qe2 Rd8 20. Na3 Qd6 21. Re1 e6 22. Nc2 Qd2 23. Ne3 Bh6 24. Rd1 Bxe3 25. Rxd2 Bxd2 26. Qe5 Bd5 27. Qd4 Bg5 28. Qb6 Bxa2 29. Qxa6 Bc4 30. Bxc4 bxc4 31. g3 Rd1+ 32. Kg2 Rd2 33. Qc8+ Kg7 34. Qxc4 Rxb2 35. h4 Be3 36. Kf3 Bxf2 37. Qe4 Bb6 38. Qe5+ Kh6 39. g4 Rf2+ 40. Kg3 f5 41. Qxe6 f4+ 42. Kh3 Rf3+ 43. Kg2 Rf2+ 1/2-1/2